|
|
|
|
| LEADER |
00000nab a2200000 a 4500 |
| 001 |
vtls000716692 |
| 005 |
20260417063235.0 |
| 008 |
250429c1999 xo 0 slo |
| 015 |
|
|
|a SNBRB2000/03-08946
|
| 035 |
|
|
|a CLN000068859
|
| 035 |
|
|
|a urn:nbn:sk:snk-abjjl
|
| 035 |
|
|
|a (urnnbn)urn:nbn:sk:snk:ar-a04247
|
| 035 |
|
|
|a (uuid)192d38bf-03c3-4a05-a3c3-d6f6298d5971
|
| 040 |
|
|
|a SNKBUCL
|b slo
|c SNKBUCL
|e AACR2
|
| 041 |
0 |
|
|a slo
|
| 044 |
|
|
|a xo
|c SK
|
| 080 |
|
|
|a 264
|2 1997
|
| 100 |
1 |
|
|a Akimjak, Amantius,
|d 1961-
|4 aut
|9 112858
|
| 245 |
1 |
0 |
|a Liturgická formácia v kňazských a rehoľných seminároch
|c Amantius Akimjak
|
| 504 |
|
|
|a Bibliogr. odkazy
|
| 650 |
0 |
7 |
|a liturgika
|2 snkbucl
|9 67064
|
| 650 |
0 |
7 |
|a kňazské semináre
|2 snkbucl
|9 71650
|
| 650 |
0 |
7 |
|a rehoľné semináre
|2 snkbucl
|9 1637133
|
| 655 |
|
7 |
|a články z novín a časopisov
|2 snkbucl
|9 267496
|
| 773 |
0 |
|
|t Liturgia
|g Roč. 9, č. 4 (1999), s. 484-487
|x 1210-0676
|
| 852 |
|
|
|a Slovenská národná knižnica
|
| 954 |
|
|
|a odborná, vedecká literatúra pôvodná (slovenská)
|2 lita
|
| 958 |
|
|
|a article27
|
| 958 |
|
|
|a NB
|
| 958 |
|
|
|a OND
|
| 958 |
|
|
|a EUIPO
|
| 999 |
|
|
|c 2867269
|d 2869199
|